| 000 | 00000nam 2200000zi 4500 |
| 001 | 9.947463 |
| 003 | CaOODSP |
| 005 | 20250303103444 |
| 006 | m o d f |
| 007 | cr |n||||||||| |
| 008 | 250128s1955 onca ob f000 0 eng d |
| 040 | |aCaOODSP|beng|erda|cCaOODSP |
| 043 | |an-cn--- |
| 086 | 1 |aA52-299/1955E-PDF |
| 086 | 1 |zA51-18E-PDF |
| 100 | 1 |aJamieson, C. A., |eauthor. |
| 245 | 10|aApiculture Division, Dominion Experimental Farm, Ottawa, Canada : |bprogress report, 1949-1953 / |cC. A. Jamieson. |
| 264 | 1|aOttawa, Canada : |bMinister of Agriculture, |c[1955] |
| 300 | |a1 online resource (41 pages) : |billustrations |
| 336 | |atext|btxt|2rdacontent |
| 337 | |acomputer|bc|2rdamedia |
| 338 | |aonline resource|bcr|2rdacarrier |
| 500 | |aDigitized edition from print [provided by Agriculture and Agri-Food Canada]. |
| 504 | |aIncludes bibliographical references (pages 39-40). |
| 610 | 10|aCanada. |bApiculture Division. |
| 610 | 15|aCanada. |bDivision de l'apiculture. |
| 650 | 0|aBee culture|xResearch|zCanada. |
| 650 | 6|aApiculture|xRecherche|zCanada. |
| 710 | 1 |aCanada. |bApiculture Division, |eissuing body. |
| 710 | 2 |aDominion Experimental Farms and Stations (Canada), |eissuing body. |
| 710 | 1 |aCanada. |bExperimental Farms Service, |eissuing body. |
| 856 | 40|qPDF|s6.50 MB|uhttps://publications.gc.ca/collections/collection_2024/aac-aafc/A51-18-1949-eng.pdf |
| 986 | |a5M—19543-5:55 |